00410nam a22001457a 4500003000400000005001700004008004100021020001800062040002200080082001500102110002600117245005200143260005100195300001800246OSt20220930163439.0220930b |||||||| |||| 00| 0 eng d a9968-9835-3-5 cBiblioteca Lado V a750bEM53i aEmbajada de España  aItinerario Español Plástica costarricense/  aCosta RicabCentro Cultural de España c1998 a35p.c21x26cm